Fihris ʻaǧāʼib al-āt̲ār fī t-tarāǧim wa-l-aḫbār /

محفوظ في:

المؤلف الرئيسي: Wiet, Gaston, 1887-1971 (مؤلف)

التنسيق: كتاب

اللغة: Arabic

سلاسل: al-Ǧamiʻīya al-Miṣrīya li-d-Dirāsāt at-Tārīḫīya

الموضوعات:

الوسوم: إضافة وسم

لا توجد وسوم, كن أول من يضع وسما على هذه التسجيلة!

رقم الطلب: DT97.J3 W512x

LEADER 01096nam a2200229Ia 4500
005 20200201220706.0
008 130303s1954 ua g 000 0 ara d
952 |0 0  |1 0  |2 lcc  |4 0  |6 DT0097 J3 W512 X  |7 1  |9 28383  |a ARCE  |b ARCE  |d 2022-01-25  |l 0  |o DT97.J3 W512x  |p 1029295  |r 2022-01-25 00:00:00  |w 2022-01-25  |y BK 
999 |c 26239  |d 26239 
043 |a f-ua--- 
050 1 4 |a DT97.J3  |b W512x 
100 1 |a Wiet, Gaston,  |d 1887-1971,  |e author. 
245 1 0 |6 880-02  |a Fihris ʻaǧāʼib al-āt̲ār fī t-tarāǧim wa-l-aḫbār /  |c Gaston Wiet. 
264 1 |a [al-Qāhira] :  |b Dār al-Maʻārif,  |c 1954. 
300 |a 299 pages ;  |c 24 cm. 
336 |a text  |b txt  |2 rdacontent 
337 |a unmediated  |b n  |2 rdamedia 
338 |a volume  |b nc  |2 rdacarrier 
490 0 |a al-Ǧamiʻīya al-Miṣrīya li-d-Dirāsāt at-Tārīḫīya 
651 0 |a Egypt  |x Antiquities. 
880 1 0 |6 245-02/(3/r  |a فهرس عجائب الآثار في التراجم و الأخبار /‪‪‪‪‪‪‪‪‪‪‪‪‪‪‪‪‪‪‪‪‪‪‪  |c جاستون فييت.‪‪‪‪‪‪‪‪‪‪‪‪‪‪‪‪‪‪‪‪‪‪‪ 
942 |c BK